000 00473nmm a2200169Ia 4500
008 251105s9999||||xx |||||||||||||||||und||
020 _a9788497429344
041 _aspa
100 _aBerque, Augustin
245 0 _aEl pensamiento paisajero
264 _a[Madrid, España] :
_bBiblioteca Nueva,
_c2009
300 _a136 páginas
490 _aPaisaje y teoría
650 _aPhilosophy, Ethics
856 _uhttps://public.digitaliapublishing.com/a/6307
942 _cCF
999 _c90454
_d90454